<?xml version="1.0" encoding="UTF-8"?>
<marc:record xmlns:marc="http://www.loc.gov/MARC21/slim">
   <marc:leader>00000nam a2200000 a 4500</marc:leader>
   <marc:datafield ind1=" " ind2=" " tag="653">
      <marc:subfield code="a">Softcover</marc:subfield>
   </marc:datafield>
   <marc:datafield ind1=" " ind2=" " tag="653">
      <marc:subfield code="a">Karte</marc:subfield>
   </marc:datafield>
   <marc:datafield ind1="0" ind2="0" tag="245">
      <marc:subfield code="a">Sicher präsentieren - wirksamer vortragen</marc:subfield>
   </marc:datafield>
   <marc:datafield ind1="0" ind2="0" tag="245">
      <marc:subfield code="c">Emil Hierhold</marc:subfield>
   </marc:datafield>
   <marc:datafield ind1=" " ind2="1" tag="264">
      <marc:subfield code="a">Heidelberg</marc:subfield>
      <marc:subfield code="b">Redline Wirtschaft</marc:subfield>
      <marc:subfield code="c">2006</marc:subfield>
   </marc:datafield>
   <marc:datafield ind1=" " ind2=" " tag="250">
      <marc:subfield code="a">Sonderausg. auf Basis der 7. aktualisierten Aufl.</marc:subfield>
   </marc:datafield>
   <marc:datafield ind1="1" ind2=" " tag="520">
      <marc:subfield code="a">Angaben aus der Verlagsmeldung

Sicher präsentieren - wirksamer vortragen, mit der Original-Seminar-CD : Limitierte Sonderausgabe mit DVD:Sell Your Ideas - Sell YOURSELF / von Emil Hierhold

Eine einzige Präsentation kann ein Projekt, eine Karriere entscheiden. Ein einziger Fachvortrag kann einen Experten zum Star eines Symposiums machen. Die gute Idee, die sachlich fundierte Information genügen heute nicht mehr - die Inhalte müssen attraktiv, griffig und überzeugend präsentiert werden. Dieses Buch zeigt Schritt für Schritt, wie Sie eine Präsentation aufbauen, gestalten und im persönlichen Auftritt halten.
Sell Your Ideas - Sell YOURSELF! Auf der DVD mit 65 Minuten Praxistipps zeigt Emil Hierhold live, worauf es bei einer Top-Präsentation ankommt. Die 6 Hierhold-Checkpoints sind die Erfolgsprinzipien für alle, die nicht nur präsentieren, sondern überzeugen wollen: Personal Presence: Im Auftritt überzeugen und verkaufen, Fast Answers: Im Kreuzfeuer bestehen, Visual Support: Selling Through The Eyes, Clear Messages: Die Story mit Botschaften verstärken, Easy Structure: Inhalte schlüssig aufbauen, Audience Focus: Die Zielgruppe beim Interesse packen.
</marc:subfield>
   </marc:datafield>
   <marc:datafield ind1=" " ind2=" " tag="020">
      <marc:subfield code="a">9783636014061</marc:subfield>
      <marc:subfield code="9">9783636014061</marc:subfield>
   </marc:datafield>
   <marc:datafield ind1=" " ind2=" " tag="020">
      <marc:subfield code="a">3636030558</marc:subfield>
      <marc:subfield code="9">3636030558</marc:subfield>
   </marc:datafield>
   <marc:datafield ind1=" " ind2=" " tag="041">
      <marc:subfield code="a">ger</marc:subfield>
   </marc:datafield>
   <marc:datafield ind1=" " ind2=" " tag="300">
      <marc:subfield code="a">432 S.</marc:subfield>
   </marc:datafield>
</marc:record>
